| 000 | 01011nam a22002537a 4500 | ||
|---|---|---|---|
| 005 | 20240530110444.0 | ||
| 008 | 150426s2009 ua bcfof b 000 0dara d | ||
| 017 |
_a2009/21376 _bمصر . دار الكتب المصرية |
||
| 020 | _a9789774211601 | ||
| 040 | _aEG-CaGPL | ||
| 082 | 0 | 4 |
_221 _a913.32 _bق/س ر |
| 100 | 1 |
_aسوليه ، روبرت _qروبرت سوليه |
|
| 245 | 1 | 2 |
_aالرحلة الكبرى للمسلة / _cروبرت سوليه ؛ ترجمة زينب الكردى |
| 260 |
_aالقاهرة : _bالهيئة المصرية العامة للكتاب ، _c2009 . |
||
| 300 |
_a284 ص : _bايض ؛ _c24 سم + _eملاحق |
||
| 490 | 0 |
_aسلسلة مصريات ؛ _v5 |
|
| 504 | _aببليوجرافية : ص 277 - 282 | ||
| 650 | 0 | 4 | _aالمسلات |
| 650 | 0 | 4 | _aالاثار الفرعونية فى الخارج |
| 651 | 0 | 4 |
_aفرنسا _xوصف ورحلات |
| 700 | 0 |
_aزينب الكردى _eمترجم |
|
| 942 |
_2ddc _cBK |
||
| 999 |
_c61113 _d61113 |
||